• 首页
  • 本馆介绍
  • 公告通知
  • 最新文献
  • 馆藏检索
  • 电子资源
  • 读者导购
  • 参考咨询
  • 我的图书馆
  • 登录
  • 详细信息显示
  • 放入我的书架
  • 预约/预借图书
  • 作者相关作品
  • 分类相关作品
  • 丛书相关作品
  • 出版社相关作品

书目信息

  • 表格格式
  • 工作单格式
  • 卡片格式
书名: The adventures of Tom Sawyer
作者:
分册号:
分册名:
出版地: New York :
 
出版社: Bantam Books,Inc
出版时间: 1966.
页数: 249 p.
开本:
丛书名:
中图分类号:
科图分类号:
其他分类号: H319.4
主题词:
电子资源:
000 00603nam 2200217 a 4500
001 E0755577812
005 20070305112447.64
008 eng
008 uu
040    @aNLC
049    @aN5LA
090    @a2/I712.44/TMAD/////////////+913298-99/ 2cop.
090    @aH319.4
096    @aI712.44 @v2
099    @dH319.4@ex90
100 1  @aTwain, Mark.
245 14 @aThe adventures of Tom Sawyer.
260    @aNew York :@bBantam Books,Inc.,@c1966.
300    @a249 p.
500    @a11th print. 1979. @b00 @c20020930 @lNLC09 @h2246 @lNLC09 @h2254 @lNLC09 @h1845
852 9  @bWWJC @cJ08S @k2 @hI712.44 @iTMAD
    
    The adventures of Tom Sawyer.-New York : : Bantam Books,Inc., , 1966.
    249 p.
    11th print. 1979.
    
    ISBN
    
●
相关链接 在E读中查询图书 在五车中查询图书 在当当中查询图书 在豆瓣中查询图书


正题名:adventures of Tom Sawyer     索取号:H319.4/x90         预约/预借

序号 登录号 条形码 馆藏地/架位号 状态 备注
1 000160   300001600   第四借阅区/ [索取号:H319.4/x90] 在馆    
2 000161   300001619   第四借阅区/ [索取号:H319.4/x90] 在馆    
3 24655   300000692   第四借阅区/ [索取号:H319.4/x90] 在馆    
4 47374   001192300   第四借阅区/ [索取号:H319.4/x90] 在馆    
5 47375   001192266   第四借阅区/ [索取号:H319.4/x90] 在馆    
6 47376   001192373   密集书库/ [索取号:H319.4/x90] 在馆    
7 47377   001192408   密集书库/ [索取号:H319.4/x90] 在馆    
8 47378   001192275   密集书库/ [索取号:H319.4/x90] 在馆    
9 47379   001192346   密集书库/ [索取号:H319.4/x90] 在馆    
10 47380   001192382   密集书库/ [索取号:H319.4/x90] 在馆    
11 47381   001192284   密集书库/ [索取号:H319.4/x90] 在馆    
12 47382   001192364   密集书库/ [索取号:H319.4/x90] 在馆    
13 47383   001192319   密集书库/ [索取号:H319.4/x90] 在馆    
14 47384   001192417   密集书库/ [索取号:H319.4/x90] 在馆    
15 47385   001192328   密集书库/ [索取号:H319.4/x90] 在馆    
16 47386   001192293   第四借阅区/ [索取号:H319.4/x90] 在馆    
17 47387   001192337   第四借阅区/ [索取号:H319.4/x90] 在馆    
18 47388   001192391   第四借阅区/ [索取号:H319.4/x90] 在馆    
19 78631   202457705   第四借阅区/ [索取号:H319.4/x90] 在馆    
20 78632   001192355   第二样本阅览室/ [索取号:H319.4/x90] 在馆    
唐山师范学院图书馆 欢迎您!
大连网信软件有限公司© 版权所有